Statistics for Biggest Cities in Manawatū-Whanganui

Click here to take the quiz!

General Stats

  • This quiz has been taken 4 times
  • The average score is 6 of 18

Answer Stats

Population Settlement % Correct
39,400Whanganui
100%
80,300Palmerston North
75%
1,850Bulls
75%
3,130Foxton
75%
17,700Levin
50%
16,450Feilding
50%
5,200Marton
50%
2,990Ashhurst
50%
1,150Ohakune
25%
1,790Taihape
25%
930Waiouru
25%
5,400Dannevirke
25%
1,820Foxton Beach
0%
4,660Taumarunui
0%
1,500Woodville
0%
1,380Shannon
0%
1,140Raetihi
0%
2,550Pahiatua
0%

Score Distribution

Percentile by Number Answered

Percent of People with Each Score

Your Score History

You have not taken this quiz